Built to last; successful habits of visionary company (Record no. 137257)

MARC details
000 -LEADER
fixed length control field 00371nam a2200145Ia 4500
008 - FIXED-LENGTH DATA ELEMENTS--GENERAL INFORMATION
fixed length control field 230917s9999||||xx |||||||||||||| ||und||
040 ## - CATALOGING SOURCE
-- 131456
Original cataloging agency VIVEKANANDA LIBRARY
041 ## - Language
-- English
082 ## - DDC NUMBER
Classification number 658 C692B
100 ## - MAIN ENTRY--PERSONAL NAME
Personal name Collins, Jim
245 #0 - TITLE STATEMENT
Title Built to last; successful habits of visionary company
260 ## - PUBLICATION, DISTRIBUTION, ETC. (IMPRINT)
Place of publication, distribution, etc New York
Name of publisher, distributor, etc Collins
Date of publication, distribution, etc 1994
300 ## - PHYSICAL DESCRIPTION
Pages 342p p.
942 ## - ADDED ENTRY ELEMENTS (KOHA)
Koha item type Books
Holdings
Withdrawn status Lost status Damaged status Not for loan Location (home branch) Sublocation or collection (holding branch) Shelving location Date acquired Koha issues (times borrowed) Koha full call number Accession No. Koha date last seen Koha item type
        VIVEKANANDA LIBRARY VIVEKANANDA LIBRARY IMSAR Library 04/02/2010   658 C692B 238724 17/09/2023 Books
© Designed and Maintained by Vivekananda Library, MDU Rohtak